00453 a2200181 450000100060000002000150000604000240002110000190004524000200006424500150008430000070009936200090010644000120011565000310012794200070015895200890016599900170025469796 a8508092687 cAnchieta - Itaigara aRedmond, Diane10aDora Dramalpor10aDora Drama a470 a2004 1aÁtica 4aLiteratura infanto-juvenil cBK 00104070a88.1b88.1d2023-11-21l0p2527/ITAr2023-11-21 20:04:31w2023-11-21yBK c69796d69796